[Event "Iceland-ch 2020"]
[Site "Gardabaer"]
[Date "2020.08.27"]
[Round "6.3"]
[White "Thorfinnsson, Bragi"]
[Black "Stefansson, Vignir Vatnar"]
[Result "1-0"]
[WhiteElo "2427"]
[BlackElo "2301"]
[Annotator "TA"]
[PlyCount "99"]
[EventDate "2020.08.22"]
[EventCountry "ISL"]
[SourceTitle "playchess.com"]
[Source "ChessBase"]
[SourceQuality "1"]

{[%evp 9,99,15,27,22,30,22,16,12,30,32,38,40,35,36,66,66,95,40,34,37,41,45,41,41,44,36,110,109,108,108,102,101,106,105,108,106,113,105,114,114,109,112,138,138,140,101,112,110,111,94,93,65,70,86,95,95,90,60,61,49,81,64,70,60,67,69,75,40,103,82,256,278,263,277,260,263,339,365,359,360,359,359,457,480,497,499,478,534,525,518,688,688]} 1. d4 f5 2. Bf4 Nf6 3. e3 e6 4. h3 b6 5. Nf3 Bb7 6. Nbd2 {A80: Dutch Defence: Unusual White second moves.} Bd6 7. Bxd6 cxd6 8. Bd3 {The position is equal.} Ne4 9. Qe2 O-O 10. Rg1 d5 11. g4 f4 {[#]} 12. g5 $146 ({Predecessor:} 12. O-O-O b5 13. g5 Na6 14. Bxb5 Nb4 15. Kb1 Rb8 16. a3 Nxc2 17. Kxc2 Qb6 18. Nxe4 dxe4 {0-1 (32) Andonov,B (2326)-Naumkin,I (2502) Porto San Giorgio 2008}) 12... Rf5 13. exf4 (13. O-O-O $16) 13... Rxf4 14. Qe3 Qf8 15. Rg4 Rxg4 16. hxg4 {[%cal Rd2e4]} Nxd2 17. Nxd2 g6 (17... Ba6 $14) 18. c3 $16 Ba6 {[#]} 19. Bc2 $1 Nc6 20. O-O-O Qf7 21. Rh1 Rf8 22. Qh3 Qg7 23. Qh2 Be2 24. Qg3 Qf7 {[#]} 25. f3 $1 {[%mdl 512]} Qf4 (25... Bxf3 26. Rf1) 26. Qh3 {[%csl Gh1][%cal Rh3h7]} Qf7 27. Rh2 Ba6 {[#]} 28. f4 $1 {[%mdl 512]} Ne7 (28... Qxf4 29. Qxh7#) 29. Kb1 Qg7 30. Qe3 Bc8 31. a3 Rf7 32. Qg3 Qf8 33. Rf2 d6 34. Rf3 Ba6 35. Bb3 Bc8 36. Ba4 a6 37. Bd1 Nc6 38. Qh2 Qe7 (38... b5 $14) 39. Bb3 Qf8 $2 {[#] This costs Black the game.} (39... b5 $16) 40. f5 $1 $18 {[%mdl 512]} gxf5 (40... exf5 41. Bxd5) 41. gxf5 Rxf5 42. Bc2 Ne7 43. Bxf5 ({Resist} 43. Qxd6 $6 Ng6 $18) 43... Nxf5 44. Nf1 Bd7 45. Ng3 Be8 46. Qe2 $1 {[%csl LRa6,LRe6][%mdl 64] Double Attack. White is clearly winning.} Bd7 47. Qxa6 Qd8 48. Nxf5 exf5 49. Qb7 Be6 50. Rh3 {Accuracy: White = 90%, Black = 66%.} 1-0

[Event "Iceland-ch 2020"]
[Site "Gardabaer"]
[Date "2020.08.27"]
[Round "6.4"]
[White "Jonsson, Gauti Pall"]
[Black "Kjartansson, Gudmundur"]
[Result "0-1"]
[WhiteElo "2046"]
[BlackElo "2466"]
[Annotator "ChessBase"]
[PlyCount "70"]
[EventDate "2020.08.22"]
[EventCountry "ISL"]
[SourceTitle "playchess.com"]
[Source "ChessBase"]
[SourceQuality "1"]
[TimeControl "30/5400+30:900+30"]

1. d4 {[%emt 0:00:00]} Nf6 {[%emt 0:00:00]} 2. c4 {[%emt 0:00:21]} e6 {[%emt 0:00:00]} 3. Nc3 {[%emt 0:00:32]} Bb4 {[%emt 0:00:14]} 4. f3 {[%emt 0:01:48]} d5 {[%emt 0:02:21]} 5. a3 {[%emt 0:00:50]} Bd6 {[%emt 0:00:55]} 6. Bg5 {[%emt 0:10:01]} c5 {[%emt 0:04:59]} 7. dxc5 {[%emt 0:07:05]} Bxc5 {[%emt 0:00:57]} 8. Nh3 {[%emt 0:09:41]} h6 {[%emt 0:09:10]} 9. Bh4 {[%emt 0:05:20]} O-O {[%emt 0:01:49]} 10. e4 {[%emt 0:04:24]} d4 {[%emt 0:09:41]} 11. Nb1 {[%emt 0:05:30]} e5 {[%emt 0:04:35]} 12. Nf2 {[%emt 0:04:12]} Nc6 {[%emt 0:03:47]} 13. Nd3 {[%emt 0:03:39]} Be7 {[%emt 0:02:55]} 14. Be2 {[%emt 0:05:19]} Be6 {[%emt 0:11:54]} 15. Nd2 {[%emt 0:02:21]} a5 {[%emt 0:07:07]} 16. b3 {[%emt 0:02:21]} b6 {[%emt 0:02:35]} 17. O-O {[%emt 0:03:59]} Nd7 {[%emt 0:05:05]} 18. Bxe7 {[%emt 0:03:46]} Qxe7 {[%emt 0:02:11]} 19. Kh1 {[%emt 0:04:57]} Nc5 {[%emt 0:01:37]} 20. g4 {[%emt 0:04:19]} Qg5 {[%emt 0:03:31]} 21. Rg1 {[%emt 0:02:04]} Ne7 {[%emt 0:02:28]} 22. f4 {[%emt 0:07:16]} exf4 {[%emt 0:01:05]} 23. Nf3 {[%emt 0:00:44]} Qg6 {[%emt 0:00:50]} 24. Nxf4 {[%emt 0:01:41]} Qxe4 {[%emt 0:00:32]} 25. Nd3 {[%emt 0:02:51]} Nxb3 {[%emt 0:07:21]} 26. Qxb3 {[%emt 0:04:09]} Qxe2 {[%emt 0:00:07]} 27. Nf4 {[%emt 0:01:12]} Qe4 {[%emt 0:01:50]} 28. Ng2 {[%emt 0:01:49]} a4 {[%emt 0:01:51]} 29. Qd1 {[%emt 0:01:19]} Bxg4 {[%emt 0:00:18]} 30. Nd2 {[%emt 0:00:23]} Bxd1 {[%emt 0:02:22]} 31. Nxe4 {[%emt 0:15:02]} Bf3 {[%emt 0:15:20]} 32. Nd2 {[%emt 0:00:09]} Bc6 {[%emt 0:00:43]} 33. Rge1 {[%emt 0:00:15]} Nf5 {[%emt 0:00:12]} 34. Kg1 {[%emt 0:00:09]} Bxg2 {[%emt 0:00:06]} 35. Kxg2 {[%emt 0:00:09]} Ne3+ {[%emt 0:00:02]} 0-1

[Event "Iceland-ch 2020"]
[Site "Gardabaer"]
[Date "2020.08.27"]
[Round "6.5"]
[White "Thorfinnsson, Bjorn"]
[Black "Ragnarsson, Dagur"]
[Result "1-0"]
[WhiteElo "2387"]
[BlackElo "2396"]
[Annotator "TA"]
[PlyCount "113"]
[EventDate "2020.08.22"]
[EventCountry "ISL"]
[SourceTitle "playchess.com"]
[Source "ChessBase"]
[SourceQuality "1"]

{[%evp 12,113,10,7,8,16,14,-17,0,0,29,2,68,65,80,75,64,66,63,-19,-20,-16,-20,-12,-21,-20,0,-61,-14,-21,9,0,16,7,33,28,33,25,20,12,41,41,72,83,84,80,89,107,154,136,151,102,183,189,266,251,261,229,245,235,313,311,313,312,304,292,318,318,384,372,462,462,512,426,492,485,565,559,522,529,685,661,814,812,794,788,687,601,686,693,1701,1768,1559,1490,2184,1852,2233,2124,4631,3706,29980,29981,29981,29983]} 1. d4 Nf6 2. Nf3 g6 3. Bg5 Bg7 4. e3 O-O 5. Nbd2 d6 6. Bd3 Nbd7 7. c3 e5 {A48: 1 d4 Nf6 2 Nf3 g6: Torre, London and Colle Systems.} 8. Qc2 Re8 9. O-O-O Qe7 {[#] The position is equal.} 10. h4 $146 ({Predecessor:} 10. Ne4 Qe6 11. Bxf6 Nxf6 12. Nxf6+ Bxf6 13. d5 Qe7 14. Be4 Bg7 15. g4 Bxg4 16. Rdg1 {0-1 (49) Bilaniuk,A-Shcherbina,E Ilichevsk 2006}) 10... h6 11. h5 {With the idea dxe5.} gxh5 (11... hxg5 $11 12. hxg6 Nb6) 12. Bh4 $14 Qe6 {...e4 is the strong threat.} 13. dxe5 dxe5 14. Bc4 Qc6 15. Qg6 (15. Qb3 $14 Re7 16. Bb5) 15... Qxc4 $1 $11 {[#]} 16. Qxg7+ $1 {[%mdl 512]} Kxg7 17. Nxc4 Ne4 18. Nfd2 Nxd2 19. Rxd2 ({White should try} 19. Nxd2 $11 Nc5 20. f3) 19... f6 20. f3 b5 21. Na3 Rb8 22. e4 a5 23. Bf2 {[%mdl 1024] White has compensation.} Kg6 24. Ba7 $36 {[%mdl 2048] White is pushing.} Rb7 25. Be3 Nb6 26. b3 b4 27. cxb4 axb4 28. Nc2 f5 29. Rh4 ({Reject} 29. Nxb4 $6 Nc4 $11) 29... Ra7 30. Nxb4 fxe4 31. Rxe4 Bf5 (31... Bb7 $16) 32. Rh4 $18 c5 (32... Raa8 {keeps fighting.} 33. g4 hxg4) 33. g4 ({Weaker is} 33. Bxc5 Rc8 $15) 33... hxg4 34. fxg4 Be4 35. Rxh6+ Kg7 36. Rxb6 cxb4 37. Rxb4 Rc7+ 38. Kb2 Bg6 39. a4 Rh8 40. Rb5 Rh3 41. Rxe5 Rb7 42. g5 Bf7 43. Rd3 Bg6 44. Rc3 Rh2+ 45. Ka3 Bb1 {[%csl Gb1][%cal Rh2a2]} 46. b4 Bg6 47. Bd4 {aiming for Re7+.} Kf7 48. a5 {[%cal Ba4a5,Ba5a6,Ba6a7][%mdl 32]} Rd7 49. Bb6 Rdd2 50. Ka4 Bd3 {[#]} 51. Rxd3 $1 Rxd3 {[%mdl 4096] Endgame KRR-KRB} 52. a6 Rh8 53. a7 Rd7 54. Bc5 Ra8 55. b5 {[%cal Bb4b5,Bb5b6][%mdl 32]} Rc7 56. b6 Rb7 57. Ka5 {Accuracy: White = 90%, Black = 37%.} 1-0

[Event "Iceland-ch 2020"]
[Site "Gardabaer"]
[Date "2020.08.28"]
[Round "7.1"]
[White "Ragnarsson, Dagur"]
[Black "Gretarsson, Hjorvar Steinn"]
[Result "0-1"]
[WhiteElo "2396"]
[BlackElo "2579"]
[Annotator "TA"]
[PlyCount "96"]
[EventDate "2020.08.22"]
[EventCountry "ISL"]
[SourceTitle "playchess.com"]
[Source "ChessBase"]
[SourceQuality "1"]

{[%evp 14,96,0,0,0,0,1,7,18,-29,-18,-23,-29,-55,-55,-97,-77,-114,-127,-114,-114,-112,-119,-112,-102,-128,-146,-171,-171,-183,-182,-239,-246,-404,-402,-430,-431,-401,-401,-379,-360,-356,-305,-432,-408,-570,-566,-558,-542,-845,-682,-1097,-1059,-988,-936,-873,-803,-808,-784,-784,-756,-741,-733,-726,-719,-672,-628,-937,-877,-1203,-1134,-1203,-1140,-1184,-1162,-3422,-2362,-2341,-2178,-1514,-1507,-1490,-981,-1382,-1339]} 1. d4 Nf6 2. c4 e6 3. Nc3 Bb4 4. Qc2 O-O 5. Nf3 d6 6. g3 Nc6 7. a3 Bxc3+ 8. Qxc3 e5 {E33: Nimzo-Indian: Classical: 4...Nc6.} 9. d5 Ne7 10. Bg2 a5 {The position is equal.} 11. a4 {[#]} Ne4 $146 ({Predecessor:} 11... h6 12. O-O Ne4 13. Qc2 Nc5 14. Nd2 Bd7 15. Ne4 Bf5 16. Be3 Nxe4 17. Bxe4 Bxe4 18. Qxe4 {0-1 (42) Barseghyan,H (2466)-Karthikeyan,M (2605) Manavgat 2018}) 12. Qa3 f5 13. Ng5 Nc5 14. f4 Ng6 {[%cal Be7g6,Bg6f8,Bf8h7,Bh7f6,Bf6g4,Bg4f2][%mdl 32]} 15. h4 {[#] next h5 is good for White.} exf4 $1 16. gxf4 {[#] Threatening h5.} h6 $1 {[%cal Rh6g5]} 17. Nf3 Re8 18. h5 {[#]} Qe7 $1 {[%csl Ge8][%cal Re7e2][%mdl 512]} 19. Bf1 Nf8 20. Rg1 Nh7 21. Qc3 Nf6 22. Nd4 (22. b3 $142) 22... Ng4 $19 ({But not} 22... Nxh5 23. Kd1) 23. Kd1 $2 (23. Ra3 {was called for.}) 23... Nf2+ 24. Ke1 Ncd3+ 25. Kd2 Ne4+ {[%mdl 64] Double Attack} 26. Kxd3 {Strongly threatening Qe1.} Nxc3 27. Kxc3 Bd7 28. Bg2 (28. e3 {was necessary.}) 28... c5 29. Ne6 Qf6+ {Black is clearly winning.} 30. Kb3 Ra6 {[%cal Ba8a6,Ba6b6,Bb6b4,Bb4a4][%mdl 32]} 31. Ka2 Rb6 32. Rb1 Bxa4 {( -> ...Bb3+)} 33. Bd2 Bb3+ 34. Ka1 {[#]} Rb4 $1 {[%cal Rb4a4]} 35. Rbc1 (35. Bxb4 axb4) 35... Ra4+ 36. Kb1 Ba2+ 37. Kc2 Rxc4+ 38. Bc3 Rxe6 39. dxe6 d5 40. Ra1 d4 {[%mdl 64] Pin} 41. e7 Qxe7 42. Bd5+ {[#]} Kh7 $1 43. Rxa2 Qxe2+ {[%mdl 64] Double Attack} 44. Kb3 {[#]} a4+ $1 45. Rxa4 Rxa4 46. Kxa4 dxc3 47. bxc3 Qa6+ 48. Kb3 {[#]} c4+ $1 {White got outplayed after the opening. Accuracy: White = 39%, Black = 95%.} 0-1

[Event "Iceland-ch 2020"]
[Site "Gardabaer"]
[Date "2020.08.28"]
[Round "7.2"]
[White "Kjartansson, Gudmundur"]
[Black "Thorfinnsson, Bjorn"]
[Result "0-1"]
[WhiteElo "2466"]
[BlackElo "2387"]
[Annotator "TA"]
[PlyCount "112"]
[EventDate "2020.08.22"]
[EventCountry "ISL"]
[SourceTitle "playchess.com"]
[Source "ChessBase"]
[SourceQuality "1"]

{[%evp 15,112,27,30,31,37,-12,-6,-7,-16,-16,-16,-18,-4,-10,-10,-10,-10,-17,-10,-23,-18,-18,-2,-19,-18,-28,0,0,0,0,0,0,0,0,0,0,0,0,0,0,0,0,0,0,0,0,0,-76,-69,-77,-54,-93,-85,-83,-70,-73,-68,-97,-104,-105,-112,-106,-89,-113,-66,-182,-170,-185,-170,-271,-271,-248,-184,-241,-229,-185,-184,-6162,-6158,-5418,-5302,-2195,-1754,-2452,-1299,-29985,-29986,-29987,-29988,-29989,-29988,-29990,-29989,-29989,-29986,-29990,-29987,-29987,-29988]} 1. d4 f5 2. c4 Nf6 3. Nf3 e6 4. e3 d5 5. Bd3 c6 6. O-O Bd6 7. b3 Qe7 8. Bb2 O-O 9. Ne5 {A84: Dutch Defence: 2 c4 Miscellaneous.} Nbd7 10. cxd5 exd5 {[%cal Rd7e5]} 11. f4 {The position is equal.} Ne4 12. Nd2 {[%cal Bb1d2,Bd2f3,Bf3e5][%mdl 32]} Ndf6 13. Ndf3 Bd7 14. Nxd7 Nxd7 15. Ne5 Ndf6 16. Be2 {[#]} g6 $146 ({Predecessor:} 16... Bb4 17. Qd3 Ba3 18. Qc2 a5 19. Bxa3 Qxa3 20. Qc1 Qb4 21. a3 Qd6 22. Qc2 Rfc8 {1-0 (55) Obukhov,A (2415)-Khagurov,N (2180) Krasnodar 1997}) 17. Bf3 Qg7 18. a4 g5 19. Ba3 Bxa3 20. Rxa3 gxf4 21. exf4 Qe7 22. Ra1 Qb4 {next ...Nd2 is good for Black.} 23. Qd3 Rae8 24. Ra2 Re7 25. g3 Rg7 26. Rg2 Kh8 27. Bd1 Rfg8 28. Kh1 h5 {With the idea ...h4!} 29. Nf3 Qf8 30. Ng5 Qe7 31. h3 (31. Nf3 $11) 31... Nh7 $17 32. h4 Nhf6 ({Weaker is} 32... Nhxg5 33. fxg5 Qf7 34. Qf3 $16) 33. Rb2 {Black converts the advantage convincingly.} Qb4 34. Kg2 Re7 35. Bf3 Rge8 36. Rc2 Nd6 37. Re2 Rxe2+ 38. Bxe2 Ng4 39. Bxg4 hxg4 40. Rf2 (40. Kf2 $1 $15) 40... Qe1 41. Qc2 Kg8 42. Qc5 (42. Qd2 {keeps fighting.}) 42... Re2 $19 43. Rxe2 Qxe2+ 44. Kg1 {[#]} Ne4 $1 {[%mdl 512]} 45. Nxe4 fxe4 (45... dxe4 46. Qc4+ Qxc4 47. bxc4 $18) ({But not} 45... Qxe4 46. Qc3 $17) 46. Qxa7 $2 {[%mdl 4096] Endgame KQ-KQ} (46. Qd6) 46... Qe3+ {[%mdl 64] Double Attack} 47. Kf1 Qf3+ 48. Ke1 Qxg3+ {[%mdl 64] [#] Double Attack} 49. Ke2 Qd3+ 50. Kf2 e3+ {Black mates.} 51. Kg2 Qe2+ 52. Kg1 Qf2+ 53. Kh1 Qxh4+ 54. Kg1 Qf2+ 55. Kh1 Qf1+ 56. Kh2 Qxf4+ {Accuracy: White = 66%, Black = 92%.} 0-1

[Event "Iceland-ch 2020"]
[Site "Gardabaer"]
[Date "2020.08.28"]
[Round "7.3"]
[White "Stefansson, Vignir Vatnar"]
[Black "Jonsson, Gauti Pall"]
[Result "1-0"]
[WhiteElo "2301"]
[BlackElo "2046"]
[Annotator "TA"]
[PlyCount "81"]
[EventDate "2020.08.22"]
[EventCountry "ISL"]
[SourceTitle "playchess.com"]
[Source "ChessBase"]
[SourceQuality "1"]

{[%evp 15,81,0,9,-19,-25,-25,-17,-48,19,19,19,0,22,25,25,27,28,32,35,27,25,25,27,0,30,12,22,25,36,29,43,36,62,61,62,59,58,60,62,-9,-10,-10,36,36,36,34,39,35,53,53,98,57,49,53,518,517,542,542,533,529,528,520,1158,1106,6600,5297,29993,29994]} 1. b3 d5 2. Bb2 Bg4 3. g3 c6 4. Bg2 Nd7 5. Nf3 Ngf6 6. O-O e6 7. d4 Be7 8. Nbd2 O-O 9. Ne5 {A07: Réti Opening: New York and Capablanca Systems.} Nxe5 10. dxe5 Nd7 11. h3 {[#] The position is equal.} Bf5 $146 (11... Bh5 $1 $15) ({Predecessor:} 11... Bh5 12. g4 Bg6 13. f4 f6 14. f5 Bf7 15. fxe6 Bxe6 16. exf6 Bc5+ 17. Kh1 Nxf6 18. Qe1 Qe7 19. Qg3 Rae8 {0-1 (35) Moser,G (2289)-Froewis,G (2470) Austria 2020}) 12. e4 $11 dxe4 13. Nxe4 Bxe4 14. Bxe4 Qc7 15. Qe2 Nc5 16. Bg2 Rad8 17. Qe3 Rd7 18. Bc3 Rfd8 19. a3 a5 20. Kh2 Na6 21. Qe1 a4 22. bxa4 Nc5 23. a5 Na4 24. Bb4 {[#] Strongly threatening Bxe7.} c5 25. Bc3 $1 Nxc3 26. Qxc3 Ra8 27. Rfd1 (27. Rfb1 $14 Qxa5 28. Qxa5 Rxa5 29. Rxb7 Rxb7 30. Bxb7) 27... Rxd1 28. Rxd1 Qxa5 29. Qxa5 Rxa5 {[%mdl 4096] Endgame KRB-KRB} 30. Rd7 Bf8 31. Rxb7 {Black must now prevent Bc6.} Rxa3 32. Bc6 Rc3 33. Kg2 Rxc2 34. Be8 h6 $2 {[%mdl 8192] This move loses the game for Black.} ({Black should play} 34... g6 $14) 35. Bxf7+ $18 Kh7 36. Bxe6 {Threatens to win with Bf5+.} Re2 37. Bf5+ Kg8 38. e6 Kh8 {[#]} (38... c4 $142 39. Kf3 Re5) 39. Rb8 $1 {[%cal Rb8f8]} Kg8 40. Kf3 Re1 41. Be4 {Accuracy: White = 78%, Black = 53%.} 1-0

[Event "Iceland-ch 2020"]
[Site "Gardabaer"]
[Date "2020.08.28"]
[Round "7.4"]
[White "Thorhallsson, Throstur"]
[Black "Thorfinnsson, Bragi"]
[Result "0-1"]
[WhiteElo "2430"]
[BlackElo "2427"]
[Annotator "TA"]
[PlyCount "108"]
[EventDate "2020.08.22"]
[EventCountry "ISL"]
[SourceTitle "playchess.com"]
[Source "ChessBase"]
[SourceQuality "1"]

{[%evp 13,108,39,35,42,52,37,60,62,70,10,25,0,-2,-7,-4,0,19,-15,-8,-15,8,-26,-16,-41,-5,-112,-68,-81,-38,-78,-65,-79,73,85,146,138,141,112,115,-11,122,112,127,123,124,138,112,134,124,122,179,166,363,158,469,94,34,33,72,0,0,0,0,0,67,30,77,0,0,0,0,-158,-162,-702,-637,-628,-613,-711,-22,-727,-660,-1925,-1912,-1839,-1539,-12835,-12827,-12828,-11253,-12845,-12846,-12846,-12847,-12847,-12847,-12848,-12848]} 1. e4 d6 2. d4 Nf6 3. Nc3 Nbd7 4. Nf3 e5 5. Bc4 Be7 6. O-O c6 7. a4 Qc7 8. h3 {C41: Philidor Defence.} h6 9. Re1 Nf8 10. Nh4 {White is slightly better.} g6 11. dxe5 ({White should try} 11. b3 $14) 11... dxe5 $11 12. Be3 Be6 13. Bxe6 Nxe6 {[#]} 14. Nf3 $146 ({Predecessor:} 14. Qd3 Nd7 15. Nf3 g5 16. Ne2 Nf4 17. Qb3 Nxe2+ 18. Rxe2 O-O 19. Nd2 Bc5 20. Nf1 {1-0 (39) Spal,M (2215)-Krejcik,J Karlovy Vary 1998}) 14... g5 15. Qd3 g4 $36 {[%mdl 2048] Black has good play.} 16. hxg4 Nxg4 17. Rad1 Rg8 18. Nh2 Nxe3 19. fxe3 (19. Qxe3 $11 Qb6 20. Kf1) 19... Bc5 20. Kf1 Rg3 21. Nf3 Qe7 22. Ne2 ({Not} 22. Nxe5 $2 Qf6+ 23. Nf3 Rxf3+ 24. gxf3 Qxf3+ 25. Kg1 Ke7 $19) 22... Rxf3+ $2 (22... Rg8 $17) 23. gxf3 $16 Qh4 (23... Qg5 $142) 24. Ng1 $1 Ke7 25. Qe2 Rg8 26. Qf2 (26. Rd2 $1 $16) 26... Qh1 (26... Rg3 $1 $11 {keeps the balance.}) 27. Rd2 $1 Nf4 28. Qh2 Rxg1+ 29. Qxg1 Qxf3+ 30. Rf2 $1 {[%cal Rf2f3]} Qh3+ 31. Rg2 $1 Qe6 (31... Nxg2 $16 32. Qxg2 Qh5) 32. b3 $1 $18 {Threatens to win with Rh2.} b5 $2 (32... Nxg2 33. Qxg2 Qg6) 33. axb5 (33. Rh2 $18 {and White stays clearly on top.}) 33... cxb5 $2 (33... Nxg2 $16 {is more resistant.} 34. Qxg2 cxb5) 34. Qh2 $2 (34. Rh2 $18) 34... Nxg2 $16 35. Qxg2 {[%mdl 4096] Endgame KQR-KQB} a5 $1 36. Qe2 (36. Kf2 $16) 36... Qh3+ $11 37. Kf2 Qh4+ {[%mdl 64] Double Attack} 38. Kf3 {[#]} f5 $1 {[%mdl 512]} 39. exf5 $14 Bd6 40. Qf2 (40. Kg2 $16) 40... e4+ $11 41. Ke2 Bg3 {[%mdl 64] Skewer} 42. f6+ $2 (42. Qg1 $1 $11 Qh5+ 43. Kd2 Bxe1+ 44. Qxe1) 42... Kf7 $17 43. Qf5 $2 (43. Qg1 Bxe1 44. Qg7+ Ke6 45. Qe7+ Kf5 46. Qd7+ Kxf6 47. Qd6+ Kg5 48. Qd8+ Kg4 49. Qd7+ Kg3 50. Kxe1) 43... Bxe1 $19 44. Qd7+ Kxf6 45. Qd6+ Kf5 $2 ({Black should play} 45... Kg5 $1 $19 {aiming for ...Qf2+.} 46. Qd8+ Kg4 47. Qd7+ Kg3 48. Kxe1 Qh1+ 49. Ke2 Qf3+ 50. Kd2 Qf2+ 51. Kc1 Qxe3+ 52. Kb1 h5 53. Qd6+ Qf4) 46. Qd5+ $2 {[%mdl 8192] [#]} (46. Qd7+ $11 Kg5 47. Qxb5+ Kg4 48. Qd7+ Kg3 49. Kxe1) 46... Kg4 $1 {Strongly threatening ...Qf2+.Black is clearly winning.} 47. Qe6+ {[#]} Kg3 $1 {( -> ...Bc3)} 48. Kxe1 {KQ-KQ} Kf3+ 49. Kd1 Kxe3 {[%cal Rh4h1]} 50. Qb6+ Kf3 51. Qxb5 Qh1+ 52. Kd2 e3+ 53. Kc3 Qa1+ 54. Kc4 Qf1+ {Never resign too early! Accuracy: White = 43%, Black = 56%.} 0-1

[Event "Iceland-ch 2020"]
[Site "Gardabaer"]
[Date "2020.08.28"]
[Round "7.5"]
[White "Petursson, Margeir"]
[Black "Gretarsson, Helgi Ass"]
[Result "1/2-1/2"]
[WhiteElo "2475"]
[BlackElo "2401"]
[Annotator "TA"]
[PlyCount "216"]
[EventDate "2020.08.22"]
[EventCountry "ISL"]
[SourceTitle "playchess.com"]
[Source "ChessBase"]
[SourceQuality "1"]

{[%evp 9,216,56,70,50,62,55,76,15,28,29,33,27,39,16,6,-23,-20,-14,0,-24,-21,-21,0,3,40,40,33,39,40,33,35,35,35,40,39,40,43,42,47,33,77,50,52,29,49,4,22,5,87,16,20,29,41,41,46,9,23,24,47,10,15,2,8,0,0,0,0,-8,-8,-8,-8,-54,-56,-54,-54,-54,-53,-55,-54,-56,-56,-60,-56,-54,-49,-49,-41,-41,-41,-33,-8,-8,-8,-8,0,0,0,0,0,0,0,0,0,0,0,0,0,0,0,0,0,-8,-8,-8,0,0,0,0,0,0,0,0,0,0,0,0,0,0,0,0,0,0,0,0,0,0,0,0,0,0,0,0,0,0,0,0,0,0,0,0,0,0,0,0,0,0,0,0,0,0,0,0,0,0,0,0,0,0,0,0,0,0,0,0,0,0,0,0,0,0,0,0,0,0,0,0,0,0,0,0,0,0,0,0,0,0,0,0,0,0,0,0,0,0,0,0,0,0,0]} 1. d4 g6 2. c4 Bg7 3. Nc3 e6 4. Nf3 Ne7 5. Bf4 d6 6. Qd2 {A40: Unusual replies to 1 d4.} h6 7. h4 Nbc6 {[#]} 8. d5 $146 (8. O-O-O $16) ({Predecessor:} 8. O-O-O a6 9. e4 Bd7 10. d5 exd5 11. cxd5 Ne5 12. Nxe5 dxe5 13. Be3 Nc8 14. Bd3 {0-1 (38) Schleining,Z (2375)-Stefanova,A (2512) Chakvi 2015}) 8... Ne5 9. e4 Nxf3+ 10. gxf3 e5 11. Be3 f5 12. Qd3 f4 13. Bd2 Bd7 14. O-O-O h5 15. Kb1 Bf6 16. c5 dxc5 17. d6 $1 {[%cal Rd6e7]} cxd6 18. Qxd6 Qb6 {[#]} 19. Bxf4 $1 {[%mdl 512]} Qxd6 (19... exf4 20. Qxd7+) 20. Rxd6 exf4 21. Rxf6 Rf8 22. Rd6 O-O-O 23. Bc4 Kc7 24. Rdd1 (24. Rhd1 {is interesting.} Bc6 25. Re6 Rxd1+ 26. Nxd1 Kd7 27. Re5) 24... Bc6 25. Rxd8 Rxd8 26. Kc2 a6 27. a4 Be8 $1 28. b3 Rb8 (28... Nc6 $11) 29. Ra1 (29. a5 $16) 29... Nc6 30. Nd5+ Kd6 31. Nxf4 Nd4+ 32. Kc3 Nxf3 33. Rd1+ Ke7 34. Be2 Nd4 $1 35. Rg1 b5 36. axb5 axb5 37. Bd3 Rd8 38. Nxg6+ Bxg6 39. Rxg6 $11 {[%mdl 4096] Endgame KRB-KRN} b4+ 40. Kc4 Nf3 {...Ne5+ is the strong threat.} 41. Rh6 {White wants to play Be2.} Ne5+ 42. Kxc5 {Threatens to win with Bb5.} Nxd3+ $15 {KRN-KR} 43. Kc4 Nf4 44. e5 Rd2 45. Kxb4 Rxf2 46. Kc5 Re2 47. Kd4 Ne6+ 48. Kd5 {Hoping for Rh7+.} Rd2+ 49. Kc6 Rc2+ 50. Kb6 {The position is equal.} Nf4 {aiming for ...Rb2.} 51. b4 Rc4 52. b5 Nd5+ {[%mdl 64] Discovered Attack} 53. Ka7 Rxh4 54. b6 Ra4+ 55. Kb8 {[#]} Nxb6 $1 {[%mdl 512] Strongly threatening ...Nd7+.} 56. Rxh5 (56. Rxb6 Re4) 56... Nd5 57. Kb7 Rc4 58. Rh7+ Ke6 59. Rh6+ Kxe5 60. Rh5+ Kd6 61. Rh6+ Kd7 62. Rh7+ Ne7 63. Kb6 Rg4 64. Kc5 Ke6 65. Rh6+ Ng6 66. Rh1 Rg2 67. Rh6 Ke5 68. Rh5+ Ke4 69. Rh1 Rg5+ 70. Kd6 Rd5+ 71. Kc7 Rd2 72. Ra1 Nf4 73. Kc6 Nd3 74. Ra4+ Ke5 75. Ra5+ Ke6 76. Rh5 Rc2+ 77. Kb5 Ne5 78. Rh1 Nd3 79. Rh3 Rc5+ 80. Kb6 Rc3 81. Kb5 Kd5 82. Rh5+ Ne5 83. Kb4 Rg3 84. Rf5 Rg4+ 85. Kc3 Rc4+ 86. Kb3 Rc8 87. Rh5 Ke4 88. Rh4+ Kd5 89. Rh5 Rc7 90. Rh8 Nc4 91. Rh5+ Kd4 92. Rh4+ Kd3 93. Rh3+ Ne3 94. Kb4 Rc1 95. Kb5 Ke4 96. Rh4+ Ke5 97. Rh5+ Nf5 98. Kb4 Ke4 99. Rh8 Rc7 100. Rh1 Kd3 101. Rd1+ Kc2 102. Rd8 (102. Rh1 {looks sharper.} Rg7 103. Rh2+ Kc1 104. Kc5 Rg3 105. Rh1+) 102... Ne3 103. Kb5 Nc4 104. Rh8 Na3+ 105. Kb6 Rc3 106. Rh2+ Kb3 107. Rh4 Nc2 108. Kb5 Na3+ {Accuracy: White = 90%, Black = 95%.} 1/2-1/2